00783nam a22002057a 4500999001900000005001700019010001500036020002600051035001400077037001300091082001300104100002400117245010300141260005400244270007200298300002600370500003600396942002700432952011800459 c175988d17598820201016150922.0 aENG-128559 c795.00a9789390122868 aEN-112091 bDBAD/PUB a363.7392 aSharan, Awadhendra  aDust and Smoke: Air Pollution and Colonial Urbanism, India, c.1860–c.1940/cby Awadhendra Sharan aHyderabadbOrient Blackswan Private Limitedc2020 a3-6 752 Himayatnagar, bHyderabade500029minfo@orientblackswan.com axxiv;319p.c21cm(pbk) aIncludes Index and Bibliography 2ddccENh363.7392mSHA 001040708NFICaLbLd2020-10-16eDBAD/PUBg795.00l0o363.7392 SHApEN-112091r2020-10-16 00:00:00v795.00yEN